000 00753nam a2200181 i 4500
001 3676
003 ES-MaACL
005 20250902073146.0
008 200220s1967 sp |||| | spa d
245 0 0 _aConvenios colectivos. Convenios colectivos sindicales y conflictos colectivos de trabajo
_b: Ley de 24 de abril de 1958 de convenios colectivos sindicales. Reglamento de 22 de julio de 1958. Normas sindicales de 23 de julio de 1958...
260 _aMadrid :
_bGarcía Enciso,
_c1967.
300 _a105 p. ;
_c16 cm.
490 1 _aColección "García Enciso"
650 4 _aConvenios colectivos-
_zEspaña-
_vLegislación.
_9169656
830 0 0 _aColección "García Enciso"
_9176884
852 _aES-MaACL
_jP-1332-22
999 _c3676
_d3676